Adakah perkembangan seni modern wadjar? (Record no. 87090)

MARC details
000 -LEADER
fixed length control field 00594cam a22002171 4500
001 - CONTROL NUMBER
control field sa 68016426
003 - CONTROL NUMBER IDENTIFIER
control field DLC
005 - DATE AND TIME OF LATEST TRANSACTION
control field 20260227112654.0
008 - FIXED-LENGTH DATA ELEMENTS--GENERAL INFORMATION
fixed length control field 720718s1960 xx 000 0 ind
010 ## - LIBRARY OF CONGRESS CONTROL NUMBER
LC control number sa 68016426
035 ## - SYSTEM CONTROL NUMBER
System control number (OCoLC)359316
040 ## - CATALOGING SOURCE
Original cataloging agency DLC
Transcribing agency OAU
Modifying agency DLC
042 ## - AUTHENTICATION CODE
Authentication code premarc
050 00 - LIBRARY OF CONGRESS CALL NUMBER
Classification number N7325
Item number .S2
100 1# - MAIN ENTRY--PERSONAL NAME
Personal name Sastrowardoyo, Subagio,
Dates associated with a name 1924-
245 10 - TITLE STATEMENT
Title Adakah perkembangan seni modern wadjar?
260 ## - PUBLICATION, DISTRIBUTION, ETC.
Place of publication, distribution, etc. Jogjakarta,
Name of publisher, distributor, etc. Universitas Gadja Mada
Date of publication, distribution, etc. [196-?]
300 ## - PHYSICAL DESCRIPTION
Extent 20 p.
Dimensions 24 cm.
500 ## - GENERAL NOTE
General note Cover title.
650 #0 - SUBJECT ADDED ENTRY--TOPICAL TERM
Topical term or geographic name entry element Art, Indonesian
General subdivision Western influences.

No items available.

Powered by Koha